Diccionario enciclopédico de Química

Salvato in:
Dettagli Bibliografici
Autore principale: Angenault, Jacques (Autore)
Natura: Libro
Lingua:spagnolo
Pubblicazione: Cuernavaca Patria Cultural 1998
Edizione:1a. ed
Soggetti:
Tags: Aggiungi Tag
Nessun Tag, puoi essere il primo ad aggiungerne!!

MARC

LEADER 00000cam a2200000 a 4500
001 UCG9511
003 CL-VaPUC
008 120316e19980000MX |||||||||||||||||spa|d
020 |a 9682613132 
082 0 4 |a 540.3  |b ANG  |2 21 
100 0 |a Angenault, Jacques  |e author  |9 561106 
245 1 0 |a Diccionario enciclopédico de Química 
250 |a 1a. ed 
300 |a 568 p 
942 |c BK 
945 |d 20120316 00:00:00  |a dcastane 
260 |a Cuernavaca  |b Patria Cultural  |c 1998 
650 0 |a Química  |9 259896 
650 0 |a Diccionarios  |9 256200 
650 0 |a Glosarios  |9 261047 
583 |a last modification  |c 20120316 11:38:00  |k Rodrigo Vera 
999 |c 347059  |d 347057